000 00706nam a22001937a 4500
003 OSt
005 20240711114811.0
008 240711b |||||||| |||| 00| 0 eng d
020 _a9788080349749
040 _aDDC
_cMUST
082 _a379 EDU 2000
100 _aEdited by Steve Olson, Ingemar ...( et al)
_918682
245 _aEducation and National Development:
_bA comparative approach on Inquiry and the National S science Education Standards/
_cEdited by Steve Olson, Ingemar
260 _aWashington:
_bNational Academy Press;
_c2000.
300 _axviii,202p.:
_bill;
_c27.5cm.
504 _aIncludes Bibliographical Appendixes and Indexes
650 _aEducation
_91404
942 _2ddc
_cO_SHELF
999 _c9162
_d9162